Statystyki dla Firmy które wojny nie wycofały się z rynku w Rosji

Kliknij tutaj aby rozwiązać quiz!

Ogólne statystyki

  • Ten quiz został rozwiązany 30 razy
    (13 od ostatniego zresetowania)
  • Średni wynik to 1 z 9

Statystyki odpowiedzi

Answers% Poprawnych
Nestle
75%
Danone
25%
Renault
17%
Adeo
0%
ASUS
0%
Emirates Airlines
0%
International Paper
0%
Reebok
0%
Subway
0%

Rozkład punktacji

Percentyl według liczby udzielonych odpowiedzi

Procent ludzi z każdym wynikiem

Twoja historia wyników

Nie rozwiązałeś tego quizu od ostatniego zresetowania